000 00578nam a2200229Ia 4500
003 OSt
005 20220928111654.0
006 a|||||r|||| 00| 0
007 ta
008 220927b |||||||| |||| 00| 0 eng d
024 _a47290
037 _cTextual
040 _aSDCL
_cSDCL
_beng
041 _2eng
_aeng
082 _aO152,1N1w, N2
100 _aVarma Mahadevi
245 0 _aPath ke saathi.
260 _aNew Delhi
_bRadha Krishan
_c1992
300 _a92p
_ccm.
942 _hO152,1N1w, N2
_cTEXL
_2CC
999 _c741391
_d741391